|
|
|
|
| LEADER |
00000cam a2200000 7i4500 |
| 001 |
0000005158 |
| 005 |
20080717.0 |
| 008 |
070802 |
| 020 |
|
|
|a 9832648939
|
| 090 |
0 |
0 |
|a SC MAL
|
| 100 |
1 |
|
|a Hasnizah bt Mohamed Khalily
|
| 245 |
1 |
0 |
|a Konflik remaja & bimbingan kerjaya
|c Hasnizah bt Mohamed Khalily
|
| 260 |
|
|
|a Selangor :
|b Penerbit Femina ,
|c 2006
|
| 440 |
|
0 |
|a Siri pelengkap minda
|
| 500 |
|
|
|a Teenagers age 10-12
|
| 650 |
|
0 |
|a Juvenile delinquents
|x Juvenile literature
|
| 650 |
|
0 |
|a Vocational guidance
|
| 999 |
|
|
|a 0000978342
|b Book
|c Teenagers
|e Perbadanan Perpustakaan Awam Johor
|
| 999 |
|
|
|a 0000978343
|b Book
|c Teenagers
|e Perbadanan Perpustakaan Awam Johor
|
| 999 |
|
|
|a 0000978344
|b Book
|c Teenagers
|e Cawangan Taman Sri Lambak
|
| 999 |
|
|
|a 0000978345
|b Book
|c Teenagers
|e Cawangan Sri Merlong
|
| 999 |
|
|
|a 0000978346
|b Book
|c Teenagers
|e Cawangan Bandar Penawar
|
| 999 |
|
|
|a 0001150388
|b Book
|c Adult Collection
|e Cawangan Tmn. Ungku Tun Aminah
|
| 999 |
|
|
|a 0001150389
|b Book
|c Children Collection
|e Cawangan Segamat
|
| 999 |
|
|
|a 0001150390
|b Book
|c Children Collection
|e Cawangan Taman Universiti
|
| 999 |
|
|
|a 0001150391
|b Book
|c Adult Collection
|e Cawangan Muar
|
| 999 |
|
|
|a 0001150392
|b Book
|c Children Collection
|e Cawangan Mersing
|